NFL - Player on all Madden Covers - Statistics

General Stats
  • This quiz has been taken 184 times
  • The average score is 17 of 26
Answer Stats
Hint Answer % Correct
Madden 22 Patrick Mahomes and Tom Brady
98%
Madden 18 Tom Brady
98%
Madden 20 Patrick Mahomes
97%
Madden 24 Josh Allen
92%
Madden 19 Antonio Brown
87%
Madden 23 John Madden
85%
Madden John Madden
85%
Madden 21 Lamar Jackson
85%
Madden 17 Rob Gronkowski
85%
Madden 16 Odell Beckham Jr.
73%
Madden 15 Richard Sherman
68%
Madden 14 Barry Sanders
65%
Madden 25 Adrian Peterson
62%
Madden 13 Calvin Johnson
59%
Madden 11 Drew Brees
56%
Madden 4 Michael Vick
56%
Madden 9 Brett Favre
54%
Madden 10 Troy Polamalu and Larry Fitzgerald
54%
Madden 12 Peyton Hillis
46%
Madden 5 Ray Lewis
46%
Madden 8 Vince Young
39%
Madden 7 Shaun Alexander
37%
Madden 6 Donovan McNabb
35%
Madden 3 Marshall Faulk
35%
Madden 1 Eddie George
30%
Madden 2 Dante Culpepper
28%
No matching quizzes found
Score Distribution
Percent of People with Each Score
Percentile by Number Answered
Your Score History
You have not taken this quiz